000 00641cam a2200217 a 4500
001 000001045
003 DO-SdBNP
005 20240411202003.0
008 980604s1991 sp ab r 101 0 spa
020 _a8486874165
040 _aDO-SdBNP
_bspa
_cBNPHU
082 _a323.4
_bA522i
110 2 _aAmnistía Internacional
_980617
245 1 0 _aAmnistía Internacional :
_binforme 1991.
260 _aEspaña :
_bPublicaciones Amnistia Internacional,
_c1991.
300 _a364 p. :
_bil., map. ;
_c23 cm.
590 _aInventariado, 2019/BT
650 4 _aAmnistía internacional
_93615
650 0 _aDerechos humanos
_9658
942 _2ddc
_cLBS1
999 _c1020
_d1020